000 00811nab a2200241 u 4500
001 12168
003 HDC
007 cr bn ---aaaaa
008 210209c20120921my dr|nes 0 a may d
040 _aHDC
245 0 _aForum PKS Asean CIMB bakal tarik 300 usahawan
260 _aKuala Lumpur :
_bThe New Straits Times Press (M) Bhd.,
_c2012
336 _atext
_2rdacontent
337 _acomputer
_2rdamedia
338 _aonline resource
_2rdacarrier
650 _aEntrepreneurs
_951
650 _aSmall and medium enterprises
_zMalaysia
_98540
710 _aHarian Metro
856 _zRequest full-text at [email protected]
942 _2lcc
942 _cNEWS
942 _kNWSC 000195
999 _c9491
_d9491